Matters related to marriage and divorce in Muslim laws : (Record no. 792)

MARC details
000 -LEADER
fixed length control field 006650000a22002050004500
003 - CONTROL NUMBER IDENTIFIER
control field LK-CoMWRAF
005 - DATE AND TIME OF LATEST TRANSACTION
control field 20240315152152.0
008 - FIXED-LENGTH DATA ELEMENTS--GENERAL INFORMATION
fixed length control field 230817t ||||| |||| 00| 0 eng d
040 ## - CATALOGING SOURCE
Original cataloging agency LK-CoMWRAF
Modifying agency LK-CoMWRAF
Description conventions LK-CoMWRAF
041 ## - LANGUAGE CODE
Language code of text/sound track or separate title English
082 ## - DEWEY DECIMAL CLASSIFICATION NUMBER
Classification number 016.3405
Item number MAT
942 ## - ADDED ENTRY ELEMENTS (KOHA)
Koha item type Reference
710 ## - ADDED ENTRY--CORPORATE NAME
Corporate name or jurisdiction name as entry element Documentation unit, WLUML
245 ## - TITLE STATEMENT
Title Matters related to marriage and divorce in Muslim laws :
Remainder of title a preliminary working bibliography
260 ## - PUBLICATION, DISTRIBUTION, ETC. (IMPRINT)
Place of publication, distribution, etc. Grables :
Name of publisher, distributor, etc. Women living under Muslim Laws,
Date of publication, distribution, etc. 1996
300 ## - PHYSICAL DESCRIPTION
Extent 26 p.
490 ## - SERIES STATEMENT
Series statement Bibliographies & resources series
650 ## - SUBJECT ADDED ENTRY--TOPICAL TERM
Topical term or geographic name as entry element MARRIAGE AND DIVORCE-laws-bibliographies
650 ## - SUBJECT ADDED ENTRY--TOPICAL TERM
Topical term or geographic name as entry element Muslim laws-bibliographies
Holdings
Withdrawn status Lost status Damaged status Not for loan Permanent Location Current Location Date acquired Full call number Barcode Koha item type
        Resource center, Muslim Women's Research And Action Forum Resource center, Muslim Women's Research And Action Forum 2023-08-17 016.3405 MAT RAF3726 Books
        Resource center, Muslim Women's Research And Action Forum Resource center, Muslim Women's Research And Action Forum 2024-01-31 016.3405 MAT RAF4978 Books
        Resource center, Muslim Women's Research And Action Forum Resource center, Muslim Women's Research And Action Forum 2024-01-31 016.3405 MAT RAF4979 Books

Copyright © 2023 Muslim Women's Research and Action Forum (MWRAF), No 27/3, Anderson Road, Kalubowila, Dehiwela. Funded by The Asia Fundation